书目信息 |
| 题名: |
一篇一篇 解读统编
|
|
| 作者: | 何捷 主编 | |
| 分册: | 下 4-6年级 | |
| 出版信息: | 武汉 长江文艺出版社 2020.11 |
|
| 页数: | 202页 | |
| 开本: | 23cm | |
| 丛书名: | 大教育书系 | |
| 单 册: | ||
| 中图分类: | G623.203 | |
| 科图分类: | ||
| 主题词: | 小学语文课--教学研究 | |
| 电子资源: | ||
| ISBN: | 978-7-5702-1478-5 | |
| 000 | 01162nam0 2200301 45 | |
| 001 | 012001001177 | |
| 005 | 20210922155343.56 | |
| 010 | @a978-7-5702-1478-5@dCNY31.00 | |
| 100 | @a20200803d2020 em y0chiy0110 ea | |
| 101 | 0 | @achi |
| 102 | @aCN@b420000 | |
| 105 | @aa z 000yy | |
| 106 | @ar | |
| 200 | 1 | @a一篇一篇 解读统编@Ayi pian yi pian jie du tong bian@e口语交际这样教@h下@i4-6年级@f何捷主编 |
| 210 | @a武汉@c长江文艺出版社@d2020.11 | |
| 215 | @a202页@c图@d23cm | |
| 225 | 2 | @a大教育书系@i做教育的思想者 |
| 300 | @a其他题名:口语交际这样教 | |
| 330 | @a本套书分为两册,上册为1-3年级卷,下册为4-6年级卷。每篇口语交际的重难点在哪里?怎么巧妙展开?如何巧妙设计进行推进?PPT如何呈现?……一本超级实用的“口语交际”课堂实录设计指南。手把手教您上好统编新课的“口语交际”单元。从设计理念、教学过程到环节解析,立体呈现有趣、有料又有效的范本课堂。 | |
| 410 | 0 | @12001 @a大教育书系 |
| 461 | 0 | @12001 @a大教育书系 |
| 462 | 0 | @12001 @a做教育的思想者 |
| 517 | 1 | @a口语交际这样教 |
| 606 | 0 | @a小学语文课@x教学研究 |
| 690 | @aG623.203@v5 | |
| 701 | 0 | @a何捷@Ahe jie@4主编 |
| 801 | @aCN@bAHXH@c20210922 | |
| 905 | @b1247922-6@dG623.203@e1380:2@f5 | |
| 一篇一篇 解读统编:口语交际这样教.下.4-6年级/何捷主编.-武汉:长江文艺出版社,2020.11 |
| 202页:图;23cm.-(大教育书系.做教育的思想者) |
| 其他题名:口语交际这样教 |
| ISBN 978-7-5702-1478-5:CNY31.00 |
| 本套书分为两册,上册为1-3年级卷,下册为4-6年级卷。每篇口语交际的重难点在哪里?怎么巧妙展开?如何巧妙设计进行推进?PPT如何呈现?……一本超级实用的“口语交际”课堂实录设计指南。手把手教您上好统编新课的“口语交际”单元。从设计理念、教学过程到环节解析,立体呈现有趣、有料又有效的范本课堂。 |
| ● |
| 相关链接 |
|
|
|
|
正题名:一篇一篇 解读统编
索取号:G623.203/1380:2
 
预约/预借
| 序号 | 登录号 | 条形码 | 馆藏地/架位号 | 状态 | 备注 |
| 1 | 1247922 | 212479227 | 第一样本阅览室/ [索取号:G623.203/1380:2] | 在馆 | |
| 2 | 1247923 | 212479236 | 教育系资料室/ [索取号:G623.203/1380:2] | 在馆 | |
| 3 | 1247924 | 212479245 | 教育系资料室/ [索取号:G623.203/1380:2] | 在馆 | |
| 4 | 1247925 | 212479254 | 第四借阅区/ [索取号:G623.203/1380:2] | 在馆 | |
| 5 | 1247926 | 212479263 | 第四借阅区/ [索取号:G623.203/1380:2] | 在馆 |